[Event "Hunan Belt and Road Open 2019"]
[Site "Hunan"]
[Date "2019.07.31"]
[Round "3.23"]
[White "Megaranto, Susanto"]
[Black "Fang, Yan"]
[Result "1-0"]
[WhiteElo "2545"]
[BlackElo "2424"]
[Annotator "ChessBase"]
[PlyCount "67"]
[EventDate "2019.07.29"]
[EventType "swiss"]
[EventCountry "CHN"]
[SourceTitle "playchess.com"]
[Source "ChessBase"]
[SourceQuality "1"]
[TimeControl "5400+30"]

1. Nf3 {[%emt 0:00:00]} d5 {[%emt 0:00:00]} 2. d4 {[%emt 0:00:00]} e6 {[%emt 0:00:07]} 3. c4 {[%emt 0:01:27]} Nf6 {[%emt 0:00:32]} 4. Nc3 {[%emt 0:00:20]} Be7 {[%emt 0:02:07]} 5. Bg5 {[%emt 0:00:22]} O-O {[%emt 0:01:45]} 6. e3 {[%emt 0:00:05]} Nbd7 {[%emt 0:00:15]} 7. Rc1 {[%emt 0:01:19]} c6 {[%emt 0:03:20]} 8. Qc2 {[%emt 0:02:48]} a6 {[%emt 0:05:19]} 9. a4 {[%emt 0:07:03]} b6 {[%emt 0:12:01]} 10. cxd5 {[%emt 0:05:06]} cxd5 {[%emt 0:00:11]} 11. Bd3 {[%emt 0:00:30]} Bb7 {[%emt 0:00:29]} 12. O-O {[%emt 0:01:43]} h6 {[%emt 0:02:19]} 13. Bf4 {[%emt 0:03:27]} Nh5 {[%emt 0:08:29]} 14. Be5 {[%emt 0:01:02]} Nhf6 {[%emt 0:06:08]} 15. Bf4 {[%emt 0:03:54]} Nh5 {[%emt 0:00:44]} 16. h3 {[%emt 0:05:27]} Nxf4 {[%emt 0:00:09]} 17. exf4 {[%emt 0:00:02]} Bd6 {[%emt 0:07:55]} 18. Qd2 {[%emt 0:04:31]} Re8 {[%emt 0:09:31]} 19. Ne5 {[%emt 0:09:35]} f6 {[%emt 0:01:27]} 20. Nf3 {[%emt 0:03:15]} g5 {[%emt 0:11:51]} 21. Ne2 {[%emt 0:04:08]} Qe7 {[%emt 0:00:13]} 22. Nh2 {[%emt 0:07:35]} Qg7 {[%emt 0:03:31]} 23. f5 {[%emt 0:03:55]} Nf8 {[%emt 0:09:41]} 24. Ng4 {[%emt 0:06:24]} exf5 {[%emt 0:02:33]} 25. Bxf5 {[%emt 0:01:01]} Ng6 {[%emt 0:02:18]} 26. Ng3 {[%emt 0:03:19]} Nf4 {[%emt 0:01:05]} 27. Bd7 {[%emt 0:02:53]} Rf8 {[%emt 0:01:14]} 28. Bc6 {[%emt 0:00:21]} f5 {[%emt 0:04:14]} 29. Ne3 {[%emt 0:00:41]} Bxc6 {[%emt 0:00:26]} 30. Rxc6 {[%emt 0:00:18]} Qd7 {[%emt 0:00:24]} 31. Qc2 {[%emt 0:05:27]} Rf6 {[%emt 0:03:38]} 32. Ngxf5 {[%emt 0:01:07]} Raf8 {[%emt 0:00:18]} 33. Nxd6 {[%emt 0:02:41]} Rxd6 {[%emt 0:00:06]} 34. Rc7 {[%emt 0:00:22]} 1-0

[Event "Hunan Belt and Road Open 2019"]
[Site "Hunan"]
[Date "2019.07.31"]
[Round "3.24"]
[White "Yu, Ruiyuan"]
[Black "Yeoh, Li Tian"]
[Result "1-0"]
[WhiteElo "2464"]
[BlackElo "2528"]
[Annotator "TA"]
[PlyCount "77"]
[EventDate "2019.07.29"]
[EventType "swiss"]
[EventCountry "CHN"]
[SourceTitle "playchess.com"]
[Source "ChessBase"]
[SourceQuality "1"]

{[%evp 26,77,17,18,22,28,33,33,25,0,41,33,43,7,31,44,36,35,48,30,90,62,181,196,183,171,138,155,214,209,193,202,249,255,29966,29970,29968,29969,29971,29972,29970,104,29971,29973,29960,590,637,0,29973,29974,29974,29966,5389,5211]} 1. e4 c6 2. d4 d5 3. Nc3 dxe4 4. Nxe4 Bf5 5. Ng3 Bg6 6. h4 h6 7. Nf3 Nd7 8. h5 Bh7 9. Bd3 Bxd3 10. Qxd3 e6 11. Bd2 Ngf6 12. O-O-O Be7 13. Kb1 O-O 14. Ne4 Nxe4 {B19: Classical Caro-Kann: 4...Bf5 main line} (14... c5 15. g4 Nxg4 16. Qe2 Qb6 17. Ne5 Ndxe5 18. dxe5 f5 19. exf6 Nxf6 20. Nc3 Rad8 21. Rhg1 Kh8 22. Rg6 {½-½ (38) Saric,I (2662)-Nisipeanu,L (2672) Heraklio 2017}) 15. Qxe4 Nf6 16. Qe2 Qd5 {White is slightly better.} 17. Be3 a5 18. Ne5 a4 ({Don't play} 18... Qxg2 $6 19. Bxh6 $1 {[%mdl 512]} Qe4 20. Qxe4 $18) 19. f3 Rad8 20. g4 {aiming for g5.} Nd7 $1 {[%cal Rd7e5]} 21. c4 Qa5 22. Nd3 Nb6 $146 (22... c5 $11) 23. Nc5 Bxc5 ({Better is} 23... Qb4 $1 $14) 24. dxc5 $18 {Strongly threatening Rxd8.} Nc8 25. g5 $1 {[%cal Rg5h6]} Rxd1+ 26. Rxd1 Ne7 (26... hxg5 $16 27. h6 gxh6) 27. gxh6 {Black must now prevent Rg1.} Nf5 28. Rg1 {Hoping for a3.} Kh7 29. hxg7 {[%mdl 64] Overworked Piece} Nxg7 $2 (29... Rg8 $18 30. h6 a3) 30. Bd4 $1 Nf5 {[#]} 31. Qe5 $1 Qd2 {[#]} 32. Rg7+ $1 {[%mdl 512]} Kh6 (32... Nxg7 33. Qxg7#) 33. Qf6+ {[%mdl 64] Double Attack} Kxh5 {[%cal Rd2d1]} 34. Rg1 Ng3 35. Qe5+ (35. Qg7 $142 Qd3+ {[#]} 36. Ka1 $1 {[%mdl 512]} Qxf3 37. Qxf8 a3 38. bxa3 f5 39. Qe8+ Kh4 40. Qxe6) 35... Nf5 {[#]} 36. Qf6 $1 $40 {[%mdl 640] White has some attack.} Ng3 $1 37. Qg7 {[%mdl 64] Double Attack} Qd3+ {[#]} 38. Ka1 $1 {[%mdl 512]} Qxf3 39. Qxf8 {Accuracy: White = 78%, Black = 64%.} 1-0

[Event "Hunan Belt and Road Open 2019"]
[Site "Hunan"]
[Date "2019.07.31"]
[Round "3.25"]
[White "Tan, Zhongyi"]
[Black "Zhao, Chenxi"]
[Result "*"]
[WhiteElo "2511"]
[BlackElo "2400"]
[Annotator "ChessBase"]
[PlyCount "34"]
[EventDate "2019.07.29"]
[EventType "swiss"]
[EventCountry "CHN"]
[SourceTitle "playchess.com"]
[Source "ChessBase"]
[SourceQuality "1"]
[TimeControl "5400+30"]

1. d4 {[%emt 0:04:20]} Nf6 {[%emt 0:00:46]} 2. c4 {[%emt 0:00:30]} c6 {[%emt 0:00:30]} 3. Nf3 {[%emt 0:00:30]} d5 {[%emt 0:00:30]} 4. Nc3 {[%emt 0:00:30]} dxc4 {[%emt 0:00:30]} 5. a4 {[%emt 0:00:30]} Bg4 {[%emt 0:00:30]} 6. Ne5 {[%emt 0:00:30]} Bh5 {[%emt 0:00:30]} 7. f3 {[%emt 0:00:30]} Nbd7 {[%emt 0:00:30]} 8. Nxc4 {[%emt 0:00:30]} e6 {[%emt 0:00:30]} 9. e4 {[%emt 0:00:30]} Bb4 {[%emt 0:00:30]} 10. Be2 {[%emt 0:00:30]} O-O {[%emt 0:00:30]} 11. O-O {[%emt 0:00:30]} Nb6 {[%emt 0:00:30]} 12. Ne3 {[%emt 0:00:30]} a5 {[%emt 0:00:30]} 13. Nc2 {[%emt 0:00:30]} Qc7 {[%emt 0:00:30]} 14. Be3 {[%emt 0:00:30]} Rfd8 {[%emt 0:00:30]} 15. Qe1 {[%emt 0:00:30]} Be7 {[%emt 0:00:30]} 16. Qf2 {[%emt 0:00:30]} Bg6 {[%emt 0:00:30]} 17. Rac1 {[%emt 0:00:30]} Nbd7 {[%emt 0:00:30]} *

[Event "Hunan Belt and Road Open 2019"]
[Site "Hunan"]
[Date "2019.07.31"]
[Round "3.26"]
[White "Wang, Yiye"]
[Black "Adhiban, B.."]
[Result "1/2-1/2"]
[WhiteElo "2440"]
[BlackElo "2665"]
[Annotator "TA"]
[PlyCount "105"]
[EventDate "2019.07.29"]
[EventType "swiss"]
[EventCountry "CHN"]
[SourceTitle "playchess.com"]
[Source "ChessBase"]
[SourceQuality "1"]

{[%evp 16,105,8,-1,6,-5,-20,-15,0,-3,-5,-13,-5,-18,-26,-21,0,0,0,0,0,-24,-11,-27,-27,-25,-8,-8,-13,-13,-10,-12,-14,-9,-18,-13,-12,-12,-14,-17,-21,-18,-17,-19,-12,-16,-18,-16,-7,-7,0,-21,4,0,0,0,0,0,0,0,0,0,0,0,0,0,0,0,0,0,0,0,0,0,0,0,0,0,0,0,0,0,0,0,0,0,0,0,0,0,0,0]} 1. Nf3 c5 2. g3 g6 3. Bg2 Bg7 4. O-O Nc6 5. c4 e5 6. Nc3 d6 7. d3 Nge7 8. Bg5 f6 9. Bd2 O-O {A37: Symmetrical English vs ...g6: 4 Bg2 Bg7 5 Nf3} 10. Ne1 Be6 11. Nc2 (11. Nd5 Rb8 12. Nc2 Qd7 13. b4 Bh3 14. b5 Bxg2 15. bxc6 Qh3 16. Nxe7+ Kf7 17. c7 Kxe7 18. cxb8=Q Rxb8 {1-0 (28) Vallejo Pons,F (2705)-Dominguez Perez,L (2712) Beijing 2011}) 11... d5 12. cxd5 Nxd5 13. Nxd5 Bxd5 14. Bxd5+ Qxd5 15. b4 cxb4 16. Nxb4 Nxb4 17. Bxb4 {[#]} Rfd8 $146 ({Predecessor:} 17... Rfc8) 18. Qb3 a5 {[#] White must now prevent ...Qxb3.} 19. Bc5 Qxb3 20. axb3 Ra6 21. Rfc1 {The position is equal.} b5 22. Be7 Rda8 23. Rc7 R6a7 24. Rxa7 Rxa7 $11 {[%mdl 4096] Endgame KRB-KRB} 25. Bc5 Ra8 26. Bb4 a4 27. bxa4 bxa4 28. Kf1 f5 29. Ra2 e4 30. dxe4 fxe4 31. Ba3 Rc8 32. Rd2 e3 33. Rd7 Ra8 34. f4 Bf8 35. Rd3 Bxa3 36. Rxa3 {KR-KR} Kf7 37. Kg2 Ke6 38. Kf3 Kd5 39. Kxe3 Kc4 40. Kf3 Kb4 41. Ra1 a3 42. e4 a2 43. e5 Kc3 {Threatens to win with ...Kb2.} 44. g4 {White wants to play e6.} Kb2 {[#]} (44... Ra3 $5 45. Ke4 $8 Kb2 46. Rxa2+ Rxa2 $11) 45. Rxa2+ $1 {[%mdl 512]} Kxa2 {KR-KP} (45... Rxa2 46. e6) 46. Ke4 Kb3 {And now ...Kc4 would win.} 47. Kd5 Ra5+ 48. Kd6 Ra6+ (48... Kc4 $5 49. e6 $8 Ra7 $11) 49. Kd5 Ra5+ 50. Kd6 Kc4 {aiming for ...Ra6+.} 51. e6 Ra6+ 52. Ke5 $1 Ra5+ (52... Kc5 $5 53. e7 $8 Ra2 $11) 53. Kd6 {Accuracy: White = 83%, Black = 64%.} 1/2-1/2

[Event "Hunan Belt and Road Open 2019"]
[Site "Hunan"]
[Date "2019.07.31"]
[Round "3.27"]
[White "Xu, Zhihang"]
[Black "Zou, Chen"]
[Result "1-0"]
[WhiteElo "2501"]
[BlackElo "2440"]
[Annotator "TA"]
[PlyCount "97"]
[EventDate "2019.07.29"]
[EventType "swiss"]
[EventCountry "CHN"]
[SourceTitle "playchess.com"]
[Source "ChessBase"]
[SourceQuality "1"]

{[%evp 10,97,10,4,3,10,18,13,14,15,33,29,33,32,51,22,131,120,124,126,130,128,125,128,173,169,180,172,179,176,255,189,164,175,156,152,154,85,66,85,74,89,92,97,128,120,143,150,140,132,151,157,528,531,497,421,415,396,544,539,529,545,556,405,397,335,498,493,595,582,831,832,770,753,840,804,779,740,1032,927,29961,29961,29963,29962,29962,29963,29971,29962,29968,29970]} 1. c4 Nf6 2. Nc3 e5 3. g3 d5 4. cxd5 Nxd5 5. Bg2 Nb6 6. e3 Nc6 {A22: English Opening: 1...e5 2 Nc3 Nf6} 7. Nge2 Be7 (7... Qd3 8. f4 Bb4 9. fxe5 Nxe5 10. Nf4 Qa6 11. Qc2 O-O 12. d4 Ng4 13. Nd3 Bxc3+ 14. Qxc3 {½-½ (36) Aronian,L (2762)-Nepomniachtchi,I (2773) Moscow 2019}) 8. O-O O-O {The position is equal.} 9. f4 Rb8 10. b3 Bg4 11. h3 $146 ({Predecessor:} 11. fxe5 Nxe5 12. d4 Ng6 13. Ne4 Nd5 14. Qc2 {1-0 (67) Valak,A (2383)-Schwarz,J (2238) ICCF email 2011}) 11... Bf5 12. fxe5 (12. e4 $5 {[%cal Re4f5]} Bc5+ 13. Kh1 $11) 12... Qd7 (12... Bd3 $11 {remains equal.}) 13. d4 $1 $36 {[%mdl 2048] White has strong initiative.} Bxh3 {[#]} 14. e6 $1 {[%cal Re6d7][%mdl 576] Decoy} Bxe6 (14... Qxe6 15. Nf4) 15. d5 Nxd5 16. Nxd5 Bc5 17. Nef4 $1 Ne5 18. Qc2 Bd6 19. Bb2 c6 (19... Bf5 $142 20. e4 Bg4) 20. Nc3 {Black must now prevent Rad1.} Qe7 21. Rae1 Rbd8 22. Be4 g6 23. Bg2 (23. Nxe6 $142 Qxe6 24. Bg2) 23... Bf5 24. Ne4 Rfe8 25. Qc1 Bxe4 26. Bxe4 Qg5 27. Kg2 $1 h5 {[#]} 28. Nh3 $1 {[%cal Rh3g5]} Qe7 29. Qc2 Bb4 {[#] aiming for ...Rd2+.} 30. Re2 $1 Ng4 $2 {[#]} (30... Ba3 $16) 31. Bxg6 $1 $18 {[%mdl 576] Double Attack} Rd2 (31... fxg6 32. Qxg6+) 32. Bxf7+ (32. Rxd2 Nxe3+ 33. Kh1 Nxc2 $11) 32... Qxf7 33. Qxd2 $1 ({And not} 33. Rxf7 Nxe3+ 34. Kg1 Nxc2 $11) 33... Nxe3+ 34. Rxe3 Bxd2 35. Rxf7 Rxe3 36. Rf3 Re1 37. Nf4 a5 (37... Bxf4 $142 38. gxf4 Kf7) 38. Nxh5 Kh7 39. Rf1 Rxf1 40. Kxf1 Kg6 41. Nf6 b5 42. Ne4 Bh6 43. g4 Bf8 44. Bd4 a4 45. bxa4 {White mates.} bxa4 46. Ke2 Kf7 47. Kd3 Ke6 48. Kc4 Be7 49. Nc5+ {Accuracy: White = 76%, Black = 35%.} 1-0

[Event "Hunan Belt and Road Open 2019"]
[Site "Hunan"]
[Date "2019.07.31"]
[Round "3.28"]
[White "Li, Yankai"]
[Black "Radovanovic, Mihajlo"]
[Result "1-0"]
[WhiteElo "2439"]
[BlackElo "2500"]
[Annotator "ChessBase"]
[PlyCount "121"]
[EventDate "2019.07.29"]
[EventType "swiss"]
[EventCountry "CHN"]
[SourceTitle "playchess.com"]
[Source "ChessBase"]
[SourceQuality "1"]
[TimeControl "5400+30"]

1. d4 {[%emt 0:00:00]} Nf6 {[%emt 0:00:00]} 2. c4 {[%emt 0:00:00]} g6 {[%emt 0:00:01]} 3. Nc3 {[%emt 0:00:00]} Bg7 {[%emt 0:00:06]} 4. e4 {[%emt 0:00:00]} d6 {[%emt 0:00:06]} 5. Be2 {[%emt 0:00:00]} O-O {[%emt 0:00:22]} 6. Bg5 {[%emt 0:00:00]} Na6 {[%emt 0:00:21]} 7. Qd2 {[%emt 0:00:00]} Qe8 {[%emt 0:00:58]} 8. Bd1 {[%emt 0:01:23]} Qc6 {[%emt 0:01:17]} 9. Qe2 {[%emt 0:17:16]} h6 {[%emt 0:00:34]} 10. Bd2 {[%emt 0:05:31]} e5 {[%emt 0:01:27]} 11. d5 {[%emt 0:05:14]} Qe8 {[%emt 0:00:11]} 12. f3 {[%emt 0:02:09]} Nh5 {[%emt 0:12:34]} 13. Be3 {[%emt 0:03:54]} f5 {[%emt 0:04:41]} 14. Qd2 {[%emt 0:00:21]} Qe7 {[%emt 0:07:56]} 15. g3 {[%emt 0:08:00]} Bd7 {[%emt 0:07:58]} 16. a3 {[%emt 0:02:55]} c6 {[%emt 0:03:47]} 17. b4 {[%emt 0:02:57]} c5 {[%emt 0:05:16]} 18. b5 {[%emt 0:06:19]} Nc7 {[%emt 0:00:27]} 19. Bxh6 {[%emt 0:01:08]} f4 {[%emt 0:00:18]} 20. Bxg7 {[%emt 0:00:08]} Kxg7 {[%emt 0:00:21]} 21. g4 {[%emt 0:06:36]} Qh4+ {[%emt 0:00:17]} 22. Qf2 {[%emt 0:00:03]} Ng3 {[%emt 0:00:11]} 23. h3 {[%emt 0:01:34]} Rh8 {[%emt 0:02:19]} 24. Rh2 {[%emt 0:00:16]} b6 {[%emt 0:09:42]} 25. a4 {[%emt 0:02:43]} a6 {[%emt 0:02:52]} 26. Rb1 {[%emt 0:01:04]} axb5 {[%emt 0:02:38]} 27. cxb5 {[%emt 0:00:07]} Ne8 {[%emt 0:00:07]} 28. Rg2 {[%emt 0:04:33]} Nf6 {[%emt 0:00:15]} 29. Bc2 {[%emt 0:00:36]} Qg5 {[%emt 0:14:05]} 30. Kd1 {[%emt 0:11:59]} Rh6 {[%emt 0:03:47]} 31. Nce2 {[%emt 0:02:05]} Nxe2 {[%emt 0:04:25]} 32. Kxe2 {[%emt 0:00:56]} Nh7 {[%emt 0:00:08]} 33. Rh2 {[%emt 0:05:27]} Rh4 {[%emt 0:00:29]} 34. Kd3 {[%emt 0:01:22]} Qh6 {[%emt 0:00:45]} 35. Kc4 {[%emt 0:00:14]} Ng5 {[%emt 0:00:06]} 36. Qg2 {[%emt 0:00:58]} Nf7 {[%emt 0:02:26]} 37. Ne2 {[%emt 0:00:47]} Nd8 {[%emt 0:00:59]} 38. Nc1 {[%emt 0:01:33]} Nb7 {[%emt 0:00:38]} 39. Nd3 {[%emt 0:00:12]} Rh8 {[%emt 0:01:22]} 40. Rbh1 {[%emt 0:00:23]} Qg5 {[%emt 0:00:25]} 41. Nb2 {[%emt 0:01:04]} Qd8 {[%emt 0:04:16]} 42. Kc3 {[%emt 0:00:28]} c4 {[%emt 0:01:44]} 43. Nxc4 {[%emt 0:01:29]} Qc7 {[%emt 0:00:44]} 44. Rb1 {[%emt 0:00:15]} Na5 {[%emt 0:03:50]} 45. Rb4 {[%emt 0:00:07]} Qc5 {[%emt 0:00:07]} 46. Bd3 {[%emt 0:04:13]} Qd4+ {[%emt 0:01:47]} 47. Kc2 {[%emt 0:00:43]} Rc8 {[%emt 0:00:18]} 48. Qf1 {[%emt 0:00:35]} Rhh8 {[%emt 0:00:22]} 49. Kb1 {[%emt 0:00:41]} Qc3 {[%emt 0:02:15]} 50. Rhb2 {[%emt 0:00:47]} Nxc4 {[%emt 0:01:53]} 51. Rxc4 {[%emt 0:01:20]} Rxc4 {[%emt 0:00:05]} 52. Bxc4 {[%emt 0:00:03]} Rc8 {[%emt 0:00:12]} 53. Bb3 {[%emt 0:00:18]} Qe3 {[%emt 0:00:51]} 54. Qf2 {[%emt 0:00:30]} Qc1+ {[%emt 0:01:21]} 55. Ka2 {[%emt 0:00:02]} Bxb5 {[%emt 0:00:06]} 56. Qxb6 {[%emt 0:00:42]} Bd3 {[%emt 0:00:34]} 57. Qxd6 {[%emt 0:00:43]} Qc3 {[%emt 0:00:35]} 58. Qe7+ {[%emt 0:00:32]} Kg8 {[%emt 0:00:35]} 59. Qe6+ {[%emt 0:00:22]} Kg7 {[%emt 0:00:05]} 60. d6 {[%emt 0:01:06]} Rb8 {[%emt 0:01:05]} 61. d7 {[%emt 0:00:55]} 1-0

[Event "Hunan Belt and Road Open 2019"]
[Site "Hunan"]
[Date "2019.07.31"]
[Round "3.29"]
[White "Lou, Yiping"]
[Black "Batsiashvili, Nino"]
[Result "0-1"]
[WhiteElo "2489"]
[BlackElo "2433"]
[Annotator "TA"]
[PlyCount "78"]
[EventDate "2019.07.29"]
[EventType "swiss"]
[EventCountry "CHN"]
[SourceTitle "playchess.com"]
[Source "ChessBase"]
[SourceQuality "1"]

{[%evp 16,78,0,9,31,25,53,54,49,44,47,37,50,66,52,85,204,224,250,255,226,162,147,46,51,37,61,-23,0,-23,-24,-33,-24,-71,-38,-102,-53,-265,-241,-238,-234,-343,-277,-264,-272,-360,-385,-356,-363,-341,-333,-443,-598,-840,-808,-29966,-29963,-29970,-29970,-29975,-1268,-29980,-29981,-29984,-29985]} 1. e4 e6 2. d4 d5 3. Nc3 Nf6 4. e5 Nfd7 5. f4 c5 6. Nf3 Nc6 7. Be3 Be7 8. Qd2 O-O 9. dxc5 Qa5 {C11: French: Classical System: 4 e5 and 4 Bg5 dxe4} (9... Nxc5 10. O-O-O a6 11. h4 b5 12. Bd3 b4 13. Bxc5 Bxc5 14. Na4 Ba7 15. Qe2 f5 16. g4 Ne7 17. Ng5 {0-1 (45) Caruana,F (2828)-Nyzhnyk,I (2638) chess.com INT 2019}) 10. O-O-O b6 11. Bb5 Nb4 {White is slightly better.} 12. a3 bxc5 {next ...Na2+ is good for Black.} 13. Kb1 ({Weaker is} 13. axb4 cxb4 14. Na4 Qxb5 $17) 13... Nb6 14. f5 {[#]} exf5 $146 ({Predecessor:} 14... d4 15. axb4 Qxb4 16. f6 gxf6 17. Nxd4 cxd4 18. Bxd4 fxe5 19. Bxe5 f6 20. Rhf1 Bb7 21. Rf4 Qc5 22. Rg4+ Kh8 23. Qg5 Rf7 24. Bxf6+ {1-0 (24) Fakhrutdinov,T (2460)-Volkov,S (2580) Yaroslavl 2018}) 15. Qe2 Bb7 (15... Rb8 $16) 16. axb4 $18 Qxb4 17. Bd2 {Strongly threatening Nxd5!} Qg4 18. h3 Qg6 19. g4 (19. e6 $16) 19... d4 $14 20. Na2 {And now Nc1 would win.} Bd5 21. b3 (21. Bd3 $14) 21... a5 {[%cal Ba7a5,Ba5a4][%mdl 32]} 22. gxf5 Qxf5 23. Rhf1 {Black must now prevent Nxd4!} Qc8 {[%mdl 1024] Black has compensation.} (23... Bxb3 $2 24. Nxd4 $1 {[%mdl 512]} Bxa2+ 25. Kxa2 $18) 24. Rg1 {Hoping for Bh6.} g6 25. Bg5 ({White should play} 25. Bh6 $15) 25... Qb7 26. Nd2 $2 (26. Bxe7 $1 $15 Bxf3 27. Qd3) 26... a4 27. Bxe7 Qxe7 28. Nc4 (28. c4 {might work better.} dxc3 29. Nxc3 axb3 30. Nxd5 Nxd5 31. Rg3) 28... axb3 29. cxb3 (29. Nxb6 bxc2+ 30. Qxc2 Bxa2+ 31. Kc1 Rab8 $19) 29... Rfb8 {aiming for ...Na4.} 30. Nxb6 Rxb6 31. Bc4 Rxb3+ 32. Bxb3 Bxb3 33. Rd2 c4 $1 {[%cal Bc5c4,Bc4c3][%mdl 32] Threatens to win with ...c3.} 34. Rb2 Qa3 35. Ka1 c3 36. Rxb3 Qxb3 37. Rb1 {[#]} Qd5 (37... Qa4 $142 $1 {[%mdl 512]} 38. Qg2 c2 39. Qxa8+ Qxa8 40. Rc1 d3 41. Rxc2 dxc2 42. Kb2 {[#]} Qxa2+ $1 {[%mdl 576] Remove Defender, Deflection, Promotion} 43. Kxa2 c1=Q 44. Kb3 Qe3+ $1 {[%mdl 576] Double Attack} 45. Kb4 Qxe5 46. h4 f5 47. Ka3 f4 48. Kb3 f3 49. h5 gxh5 50. Kb4 f2 51. Kc4 f1=Q+ 52. Kb4 Qb1+ 53. Kc4 Qbb5#) 38. e6 fxe6 39. Re1 d3 {Accuracy: White = 36%, Black = 63%.} 0-1

[Event "Hunan Belt and Road Open 2019"]
[Site "Hunan"]
[Date "2019.07.31"]
[Round "3.30"]
[White "Xie, Jianjun"]
[Black "Fang, Yuxiang"]
[Result "1-0"]
[WhiteElo "2417"]
[BlackElo "2476"]
[Annotator "TA"]
[PlyCount "82"]
[EventDate "2019.07.29"]
[EventType "swiss"]
[EventCountry "CHN"]
[SourceTitle "playchess.com"]
[Source "ChessBase"]
[SourceQuality "1"]

{[%evp 13,82,32,40,14,20,19,28,22,24,16,23,22,15,21,27,26,56,54,48,42,42,47,58,45,68,54,58,42,48,26,37,38,181,214,212,220,196,197,394,389,445,425,393,236,518,501,565,434,377,309,314,314,417,431,408,392,488,477,493,493,482,478,476,477,489,493,475,451,500,496,597]} 1. e4 e5 2. Nf3 Nf6 3. Nxe5 d6 4. Nf3 Nxe4 5. Nc3 Nf6 6. d4 Be7 7. Bd3 O-O 8. h3 $146 {C42: Petroff Defence: 3 Nxe5 and unusual White 3rd moves} (8. O-O Nc6 9. d5 Nb4 10. Be2 c6 11. dxc6 bxc6 12. a3 Nbd5 13. Nxd5 Nxd5 14. Nd4 Bd7 15. Bf3 Rc8 16. Bxd5 cxd5 {1-0 (47) Caruana,F (2828)-Lenderman,A (2637) Saint Louis 2019}) 8... Nbd7 9. O-O Re8 10. Re1 {White has an edge.} (10. Bf4 b6 11. a4 a6 12. Ne2 Bb7 13. Ng3 Bf8 14. c3 g6 {½-½ (27) Xie,J (2410)-Fang,Y (2499) Hangzhou 2018}) 10... b6 11. d5 Bb7 12. Bc4 Bf8 13. Be3 g6 14. Nd4 Ne4 15. Nxe4 $1 Rxe4 16. Bd3 Re8 17. c4 Bg7 18. Bc2 Qh4 19. Ba4 Re7 20. Bxd7 Rxd7 21. Qa4 Rdd8 22. Nf3 $36 {[%mdl 2048] White fights for an advantage.} Qh5 (22... Qe7 $1 $14) 23. Bg5 $18 f6 24. Bd2 a6 25. Re7 b5 $2 {[#]} (25... Rac8 26. Qb3 Re8) 26. Qa5 Bf8 27. Rxc7 Bc8 28. Qc3 Bd7 $2 (28... Rd7) 29. Qxf6 {[#] Bc3 would kill now.} Bg7 30. Qe7 {Ng5 is the strong threat.} Bf8 31. Qg5 Rac8 32. Ra7 bxc4 33. Qxh5 ({Don't do} 33. Qf6 Bg7 $18) 33... gxh5 34. Bg5 Ra8 35. Rc7 {White is clearly winning.} Bg7 36. Bxd8 Rxd8 37. Rxc4 Bxb2 38. Rb1 Bb5 39. Rc7 Bf6 40. Rbc1 Bd7 41. R1c4 Bb2 {Accuracy: White = 76%, Black = 47%.} 1-0

[Event "Hunan Belt and Road Open 2019"]
[Site "Hunan"]
[Date "2019.07.31"]
[Round "3.31"]
[White "Setyaki, Azarya Jodi"]
[Black "Peng, Xiongjian"]
[Result "0-1"]
[WhiteElo "2409"]
[BlackElo "2467"]
[Annotator "TA"]
[PlyCount "54"]
[EventDate "2019.07.29"]
[EventType "swiss"]
[EventCountry "CHN"]
[SourceTitle "playchess.com"]
[Source "ChessBase"]
[SourceQuality "1"]

{[%evp 23,68,40,64,32,61,52,76,74,71,41,38,37,29,50,44,-28,-32,-62,-72,-51,-40,-46,0,-2,0,0,45,29,7,13,0,-57,-51,-420,-411,-414,-422,-598,-593,-700,-700,-772,-772,-772,-769,-722,-707]} 1. e4 c5 2. Nf3 d6 3. d4 cxd4 4. Nxd4 Nf6 5. Nc3 a6 6. f3 e5 7. Nb3 Be6 8. Be3 Be7 9. Qd2 O-O 10. O-O-O a5 11. a4 Na6 12. g4 Nb4 13. Kb1 {B90: Sicilian Najdorf: Unusual White 6th moves, 6 Be3 Ng4 and 6 Be3 e5} (13. g5 Nh5 14. Bb5 Rc8 15. Kb1 f5 16. gxf6 Nxf6 17. Rhg1 d5 18. Bh6 Rf7 19. Qg5 Ng4 20. Qh5 Nxh6 21. Qxh6 {1-0 (41) Yu,Y (2759)-Gao,R (2561) Tianjin 2018}) 13... Qc8 14. g5 Nh5 15. Bb5 {White is better.} f5 16. gxf6 Nxf6 17. Rhg1 $146 ({Predecessor:} 17. Bg5 Rd8 18. Bxf6 Bxf6 19. Nd5 Nxd5 20. exd5 Bf5 {0-1 (36) Vroombout,E (2151)-Mesman,E (2230) Amsterdam 2017}) 17... d5 18. exd5 (18. Qg2 Rf7 $15) 18... Nfxd5 19. Bh6 ({Reject} 19. Nxd5 Bxd5 20. Bg5 Bxb3 $15) ({Don't play} 19. Qg2 g6 $15) (19. Bg5 $1 $14) 19... Rf7 $11 20. Ne4 Kh8 21. Bg5 Bf8 $1 22. Qg2 Qc7 23. Nc1 $132 {[%mdl 2048] White is fighting back} Nb6 24. Nd3 Rc8 25. Nxb4 axb4 26. b3 Nd5 27. Bc1 ({White should try} 27. Rd3 $11) 27... Nc3+ {Played: Bf8-c5} 0-1